Name as many anime as you can - Statistics

General Stats
  • This quiz has been taken 116 times
    51 since last reset
  • The average score is 73 of 351
Answer Stats
Answer % Correct
Boruto: Naruto next generations
93%
Naruto
93%
Naruto Shippuden
93%
One piece
88%
Death note
83%
Attack on titan
80%
Bleach
80%
Dragon ball
80%
Dragon ball GT
80%
Dragon ball super
80%
Dragon ball Z
80%
Hunter X Hunter
80%
Demon slayer
78%
My hero academia
75%
Haikyuu
73%
Jujutsu Kaisen
73%
Black clover
70%
Blue lock
68%
Free!
68%
Fullmetal Alchemist
68%
Pokemon
68%
Assassination classroom
65%
Spy x Family
65%
Tokyo ghoul
65%
Jojo's Bizarre adventure
63%
One punch man
63%
Re:Zero
60%
Chainsaw man
58%
Fairytail
58%
Dandadan
55%
Sailor Moon
55%
Sword art online
55%
Tokyo revengers
55%
Your lie in april
55%
Yuri on ice
55%
Code Geass
50%
Fire force
50%
Frieren: Beyond journey's end
50%
Fruits basket
50%
Spirited away
50%
Kuroko's basketball
48%
My dress up darling
48%
Neon genesis evangelion
48%
Soul eater
48%
Vinland saga
48%
Berserk
45%
Classroom of the elite
45%
Cowboy Bebop
45%
Horimiya
45%
Saiki K
45%
Toradora
45%
Fate
43%
Howl's moving castle
43%
Monster
43%
A silent voice
40%
Black butler
40%
Dr. Stone
40%
Gintama
40%
InuYasha
40%
Kaguya sama love is war
40%
Sk8
40%
The promised neverland
40%
Blue box
38%
Erased
38%
Gachiakuta
38%
Highschool DxD
38%
Mob psycho 100
38%
Oshi no ko
38%
Ouran high school host club
38%
Rascal does not dream of bunny girl senpai
38%
Rent-a-girlfriend
38%
Seven deadly sins
38%
Solo Leveling
38%
That time I got reincarnated as a slime
38%
The apothecary diaries
38%
Bungou stray dogs
35%
Darling in the franxx
35%
Food wars
35%
Hell's paradise
35%
Nana
35%
Ponyo
35%
Sakamoto days
35%
YugiOh
35%
Blue exorcist
33%
Blue period
33%
Clannad
33%
Detective Conan
33%
Devilman crybaby
33%
Kakegurui
33%
Noragami
33%
Parasyte
33%
Ranma 1/2
33%
Steins;gate
33%
The summer hikaru died
33%
Violet evergarden
33%
Death Parade
30%
No game no life
30%
Baki
28%
Call of the night
28%
Danganronpa
28%
From me to you
28%
High school of the dead
28%
Komi can't communicate
28%
Mashle: Magic and muscles
28%
My neighbor Totoro
28%
Angel beats
25%
Another
25%
Beastars
25%
Black lagoon
25%
Goblin slayer
25%
I want to eat your pancreas
25%
Konosuba
25%
The quintessential quintuplets
25%
The rising of the shield hero
25%
86
23%
Akame ga kill
23%
Anohana
23%
Beyblade
23%
Beyblade Burst
23%
Digimon
23%
Gurren Lagann
23%
Kamisama Kiss
23%
Maid sama!
23%
Mushoku Tensei: Jobless reincarnation
23%
My happy marriage
23%
My love story!!
23%
Prison school
23%
Slam dunk
23%
The fragrant flower blooms with dignity
23%
Tower of god
23%
Akira
20%
Ao haru ride
20%
A whisker away
20%
Charlotte
20%
Cyberpunk Edgerunners
20%
Domestic girlfriend
20%
Dororo
20%
Grave of the fireflies
20%
Kaiju no.8
20%
Kill la Kill
20%
Overlord
20%
Psycho-Pass
20%
The dangers in my heart
20%
The devil is a part-timer!
20%
Yuyu hakusho
20%
Future diary
18%
Ghost stories
18%
Hellsing
18%
Kiki's delivery service
18%
Madoka Magica
18%
More than a married couple, but not lovers
18%
My little monster
18%
Plastic memories
18%
Princess Mononoke
18%
Romantic killer
18%
Tomo-chan is a girl!
18%
Zom 100: Bucket list of the dead
18%
A sign of affection
15%
Bakugan
15%
Cells at work!
15%
Delicious in dungeon
15%
Hajime no ippo
15%
Magi
15%
Nisekoi
15%
Record of ragnarok
15%
Rurouni Kenshin
15%
Suzume
15%
The angel next door spoils me rotten
15%
Toilet bound hanako-kun
15%
To your eternity
15%
Yo-Kai Watch
15%
91 days
13%
BNA
13%
Devil may cry
13%
Girlfriend, Girlfriend
13%
Lovely complex
13%
Masamune-kun's revenge
13%
Mobile suit gundam
13%
Persona
13%
Samurai Champloo
13%
The eminence in shadow
13%
Weathering with you
13%
Wotakoi
13%
Afro samurai
10%
Alya sometimes hides her feelings in russian
10%
Black cat
10%
Bocchi the rock!
10%
Castle in the sky
10%
Castlevania
10%
Chivalry of a failed knight
10%
Dorohedoro
10%
Full metal panic
10%
Ghost in the shell
10%
Great pretender
10%
Little witch academia
10%
Log horizon
10%
Reborn!
10%
Sentenced to be a hero
10%
Snow white with the red hair
10%
So I'm a spider, so what?
10%
Takopi's original sin
10%
The 100 girlfriends
10%
The God of high school
10%
Tonikawa: Over the moon for you
10%
Toriko
10%
Trigun stampede
10%
Yashahime
10%
5 centimeters per second
8%
A certain scientific railgun
8%
Bobobo
8%
Bubble
8%
Citrus
8%
Farming life in another world
8%
Guilty Crown
8%
Is it wrong to try to pick up girls in a dungeon?
8%
Lookism
8%
Lycoris recoil
8%
Mission: Yozakura family
8%
Mononoke
8%
My teen romantic comedy
8%
Ragna crimson
8%
RWBY
8%
Shaman king
8%
Shikimori's not just a cutie
8%
The asterisk war
8%
The case study of vanitas
8%
The irregular at magic high school
8%
The way of the househusband
8%
To love ru
8%
Tougen anki
8%
Witch watch
8%
World trigger
8%
You and I are polar opposites
8%
A certain magical index
5%
A condition called love
5%
Aesthetica of a rogue hero
5%
After the rain
5%
Am I actually the strongest?
5%
Bakuman
5%
Bofuri: I don't want to get hurt, so I'll max out mydefense
5%
Burn the witch
5%
Cautious hero
5%
Demon lord, retry!
5%
Don't toy with me, miss nagatoro
5%
Edens zero
5%
GATE
5%
Golden Kamuy
5%
Higehiro
5%
Hokkaido gals are super adorable
5%
How a realist hero rebuilt the kingdom
5%
How not to summon a demon lord
5%
In another world with my smartphone
5%
Insomniacs after school
5%
Kotaro lives alone
5%
My first girlfriend is a gal
5%
My love story with yamada-kun at Lv999
5%
Odd taxi
5%
Pluto
5%
Reborn as a vending machine, now I wanderthe dungeon
5%
Romeo x Juliet
5%
Rosario+Vampire
5%
Shangri-La Frontier
5%
Sonny boy
5%
Teasing master Takagi-san
5%
The ancient magus' bride
5%
The daily life of the immortal king
5%
The misfit of demon king academy
5%
The testament of sister new devil
5%
The tunnel to summer, the exit of goodbyes
5%
Thus spoke kishibe rohan
5%
Uzumaki
5%
Wise man's grandchild
5%
Words bubble up like soda pop
5%
Yakuza fiance
5%
A couple of cuckoos
3%
A galaxy next door
3%
Arifureta
3%
Black summoner
3%
Daemons of the shadow realm
3%
Date a Live
3%
Drifting home
3%
Gangsta
3%
I'm quitting heroing
3%
Infinite stratos
3%
Kenichi
3%
Loner life in another world
3%
May I ask for one final thing?
3%
Miss kobayashi's dragon maid
3%
Panty & Stocking with garterbelt
3%
Parallel world pharmacy
3%
Pom poko
3%
Redo of healer
3%
Reincarnated as a sword
3%
SandLand
3%
School days
3%
scissor seven
3%
The dreaming boy is a realist
3%
The familiar of zero
3%
To be hero x
3%
Tokyo majin
3%
Trinity Seven
3%
Tsukigakirei
3%
Undead unluck
3%
Urusei yatsura
3%
Vermeil in gold
3%
Wandering witch
3%
Accel world
0%
Aggretsuko
0%
A.I.C.O.
0%
Amagami SS
0%
By the grace of the gods
0%
Corpse princess
0%
Four knights of the apocalypse
0%
Helck
0%
Her blue sky
0%
Hi score girl
0%
Hundred
0%
Id: Invaded
0%
Ishura
0%
Kubo won't let me be invisible
0%
Love tyrant
0%
Maboroshi
0%
Medalist
0%
Monster musume
0%
Murai in love
0%
My girlfriend is a shobitch
0%
My instant death ability is so overpowered, noone in this other world stands a chance against me!
0%
My isekai life
0%
Oreshura
0%
Osamake
0%
Pseudo harem
0%
Ranking of kings
0%
Rising impact
0%
Saga of Tanya the evil
0%
Say "I love you"
0%
Suicide Squad isekai
0%
Summoned to another world for a second time
0%
Super Crooks
0%
SWORDGAI
0%
The Darwin incident
0%
The faraway paladin
0%
The girl I like forgot her glasses
0%
The imaginary
0%
The tale of the princess kaguya
0%
Tsuredure children
0%
Vampire in the garden
0%
We never learn: Bokuben
0%
Yasuke
0%
No matching quizzes found
Score Distribution
Percent of People with Each Score
Percentile by Number Answered
Your Score History
You have not taken this quiz since the last reset